Γενικά υδραυλικά έργα υδρεύσεις
Saved in:
| Main Author: | |
|---|---|
| Format: | Book |
| Language: | Greek |
| Published: |
Αθήναι :
1978
|
| Subjects: | |
| Tags: |
Add Tag
No Tags, Be the first to tag this record!
|
MARC
| LEADER | 00000nam a2200000 i 4500 | ||
|---|---|---|---|
| 001 | 1/97806 | ||
| 008 | 950223s1978 gre d | ||
| 035 | |l 10010699 | ||
| 040 | |a GR-MY-UA |b gre |e aacr | ||
| 041 | 0 | |a gre | |
| 082 | 0 | |a 628 | |
| 100 | 1 | |a Τριανταφυλλίδης, Σταύρος Αλ. | |
| 245 | 1 | 0 | |a Γενικά υδραυλικά έργα υδρεύσεις / |c Σταύρος Αλ. Τριανταφυλλίδου |
| 260 | |a Αθήναι : |c 1978 | ||
| 300 | |a 647 σ. | ||
| 650 | 0 | 0 | |a Sanitary engineering. |
| 650 | 0 | 0 | |a Water-supply engineering. |
| 650 | 0 | 0 | |a Sewage. |
| 650 | 0 | 0 | |a Sewerage. |
| 852 | |a INST |b LESVOS |e 19950223 |h 628 ΤΡΙ |p 005100002764 |q 005100002764 |t BK |y 0 | ||
| 909 | |a Λ |b 013704 | ||
| 922 | |a 1ΕΛΗ |b 198912 |c ΠΠ/7104 | ||